000 01052nam a2200301 i 4500
003 DO-SdBNP
005 20260306085321.0
007 ta
008 260306b2006 dr ||||| |||| 00| 0 spa d
020 _a9993462462
040 _aDO-SdBNP
_bspa
_cBNPHU
_erda
041 _aspa
082 4 _axxx
_bxxx
_222
100 1 _aLeón David
_d1945-
_eautor
_4aut.
_984930
245 1 0 _aAntología esencial /
_cLeón David
264 4 _aSanto Domingo :
_bEditora Universitaria-UASD,
_c©2006.
300 _a427 páginas ;
_c21 cm.
336 _atexto
_btxt
_2rdacontent
337 _asin mediación
_bn
_2rdamedia
338 _avolumen
_bnc
_2rdacarrier
490 1 _aPublicaciones de la Universidad Autónoma de Santo Domingo :
_v1290
490 1 _aColección Literatura y Sociedad
_v62
500 _aIncluye datos biográficos del autor en las solapas
590 _aInventariado, 2026/BT
830 0 _aPublicaciones de la Universidad Autónoma de Santo Domingo :
_n1290
_pColección Literatura y Sociedad
_v62
_989160
910 _aBtavárez
942 _2ddc
_cLBS1
999 _c60450
_d60450